La revolución ambiental: estudios sobre la contaminación y protección del medio ambiente

Guardat en:
Dades bibliogràfiques
Autor principal: Odell, Rice (autor)
Format: Llibre
Idioma:espanyol
Publicat: Buenos Aires Fraterna 1984
Matèries:
Etiquetes: Afegir etiqueta
Sense etiquetes, Sigues el primer a etiquetar aquest registre!

MARC

LEADER 00000nam a2200000 a 4500
001 UCX0069
003 CL-VaPUC
008 890803e19840000AG |||||||||||||||||spa|d
082 0 4 |a 333.7  |b ODE  |2 21 
100 |a Odell, Rice  |e autor  |9 315513 
245 1 3 |a La revolución ambiental: estudios sobre la contaminación y protección del medio ambiente 
300 |a 341 p 
942 |c BK 
945 |d 19890803 00:00:00 
260 |a Buenos Aires  |b Fraterna  |c 1984 
650 0 |a Protección del medio ambiente  |9 257626 
650 7 |a CONTAMINACION  |2 CL-VaPUC  |9 258139 
583 |a last modification  |c 19890803 00:00:00  |k Rodrigo Vera 
999 |c 221832  |d 221830 
952 |0 0  |1 0  |2 ddc  |4 0  |6 333_700000000000000_ODE_1984  |7 0  |8 A  |9 215773  |a BIBCUR  |b BIBCUR  |c PAC  |d 2019-11-15  |i 2842106  |o 333.7 ODE 1984  |p 2842106  |r 2025-04-22  |w 2019-11-15  |y BK  |k BCB